000 00750nam a2200217 a 4500
001 56782
003 BD-RjUL
005 20211209080431.0
008 161204s1978 bg ||||| |||| 00| 0 ben d
035 _a(BD-RjUL)56906
040 _aBD-RjUL
_bben
_cBD-RjUL
_dBD-RjUL
041 _aben
082 _223
_a297.648
_bISA 1978
100 _aইসলাম, মোঃ তারিকুল
_9168854
245 1 0 _aআশেকে নবী হযরত বেলাল (রাঃ) /
_cমোঃ তারিকুল ইসলাম
260 _aঢাকা :
_bবিউটি বুক,
_c১৯৭৮.
300 _a১৬৮ পৃ. ;
_c২৩ সেমি.
650 _aসাহাবা
_9168856
650 _aSahabah
_9168858
942 _2ddc
_cBK
999 _c56782
_d56782